Unraveling the Wars of Religion. Thierry Amalou, La Sorbonne entre en guerre de religion, Autorité universitaire, censure et pouvoir royal en France (vers 1551 – vers 1589), Droz, “Travaux d’humanisme et Renaissance”, 2024, 592 pages, 75 euros. Denis Crouzet, Paris criminel, 1572, Les Belles Lettres, 2024, 378 pages, 25 euros. Jérémie Foa, Survivre, Une autre histoire des guerres de religion, Seuil, “L’univers historique”, 2024, 352 pages, 23 euros. (notice n° 1821067)
[ vue normale ]
| 000 -LEADER | |
|---|---|
| fixed length control field | 01079cam a2200157 4500500 |
| 005 - DATE AND TIME OF LATEST TRANSACTION | |
| control field | 20260329003047.0 |
| 041 ## - LANGUAGE CODE | |
| Language code of text/sound track or separate title | fre |
| 042 ## - AUTHENTICATION CODE | |
| Authentication code | dc |
| 100 10 - MAIN ENTRY--PERSONAL NAME | |
| Personal name | Goldman, Oury |
| Relator term | author |
| 245 00 - TITLE STATEMENT | |
| Title | Unraveling the Wars of Religion. Thierry Amalou, La Sorbonne entre en guerre de religion, Autorité universitaire, censure et pouvoir royal en France (vers 1551 – vers 1589), Droz, “Travaux d’humanisme et Renaissance”, 2024, 592 pages, 75 euros. Denis Crouzet, Paris criminel, 1572, Les Belles Lettres, 2024, 378 pages, 25 euros. Jérémie Foa, Survivre, Une autre histoire des guerres de religion, Seuil, “L’univers historique”, 2024, 352 pages, 23 euros. |
| 260 ## - PUBLICATION, DISTRIBUTION, ETC. | |
| Date of publication, distribution, etc. | 2026.<br/> |
| 500 ## - GENERAL NOTE | |
| General note | 13 |
| 520 ## - SUMMARY, ETC. | |
| Summary, etc. | Eva Jospin takes us on a journey toward the universal in art: The fascinating exploration of caves presented at the Grand Palais invites us to search for shared human experiences. |
| 786 0# - DATA SOURCE ENTRY | |
| Note | Études | 4334 | 2 | 2026-01-26 | p. 119-120 | 0014-1941 |
| 856 41 - ELECTRONIC LOCATION AND ACCESS | |
| Uniform Resource Identifier | <a href="https://shs.cairn.info/journal-etudes-2026-2-page-119?lang=en&redirect-ssocas=7080">https://shs.cairn.info/journal-etudes-2026-2-page-119?lang=en&redirect-ssocas=7080</a> |
Pas d'exemplaire disponible.




Réseaux sociaux